000
00306 a2200157 4500
001
175980
020
_a
040
_c
Magnum
100
_a
Amos, Janine
240
1
0
_a
Amizade
_l
por
245
1
0
_a
Amizade
362
0
_a
1899
440
1
_a
Eko
697
_a
MAGNITO: IJ/SOCIEDADE COTIDIAN
942
_c
BK
999
_c
175980
_d
175980